LEADER 01344nam0 22002773i 450 001 SUN0084727 005 20110711122127.779 010 $a978-88-631-0268-0 100 $a20110711d2010 |0itac50 ba 101 $aita 102 $aIT 105 $a|||| ||||| 200 1 $aˆIl ‰preposto, il datore di lavoro ed i dirigenti nella sicurezza sul lavoro$ecompiti, responsabilità, deleghe secondo D.Lgs. 81/08, aggiornato dal D.Lgs. 106/09$ein appendice le particolarità per i servizi con specifiche esigenze, quali le Forze Armate, le Università , gli Istituti d'Istruzione ecc.$fAntonio Porpora 205 $a3. ed 210 $aRoma$cEPC$d2010 215 $a352 p.$d22 cm. 410 1$1001SUN0052609$12001 $aSicurezza$1210 $aRoma$cEPC. 620 $dRoma$3SUNL000360 700 1$aPorpora$b, Antonio$3SUNV041473$0726254 712 $aEdizioni di protezione civile$3SUNV005611$4650 801 $aIT$bSOL$c20181109$gRICA 912 $aSUN0084727 950 $aUFFICIO DI BIBLIOTECA DEI DIPARTIMENTI DI INGEGNERIA$d05 CONS I I 104 $e05 5748 995 $aUFFICIO DI BIBLIOTECA DEI DIPARTIMENTI DI INGEGNERIA$bIT-CE0100$h5748$kCONS I I 104$oc$qa 996 $aPreposto, il datore di lavoro ed i dirigenti nella sicurezza sul lavoro$91409474 997 $aUNICAMPANIA LEADER 01152nam a2200289 i 4500 001 991000931119707536 005 20020502181232.0 008 990831s1996 it ||| | eng 035 $ab11438770-39ule_inst 035 $aPRUMB51693$9ExL 040 $aDip. SSSC$bita 041 0 $aengita 082 0 $a809.896 100 1 $aGorlier, Claudio$0144770 245 10$aAspetti culturali e linguistici delle letterature africane in lingue europee /$ca cura di Ersilia La Pergola, Claudio Gorlier, Sergio Zoppi 260 $aCatania :$bC.U.E.C.M.,$c[1996] 300 $a158 p. ;$c21 cm. 500 $aParte delle relazioni presentate al Convegno tenuto a Catania nel 1992 650 4$aLetteratura$xAutori africani$ySec. 20. 700 1 $aZoppi, Sergio 700 1 $aLa Pergola, Ersilia 907 $a.b11438770$b21-09-06$c01-07-02 912 $a991000931119707536 945 $aLE021 DI8D89$g1$i2021000036040$lle021$o-$pE0.00$q-$rl$s- $t0$u0$v0$w0$x0$y.i11623640$z01-07-02 996 $aAspetti culturali e linguistici delle letterature africane in lingue europee$9819704 997 $aUNISALENTO 998 $ale021$b01-01-99$cm$da $e-$feng$git $h0$i1